[Event "Team Championship Russia (Blitz, Women)"]
[Site "Sochi"]
[Date "2018.10.10"]
[Round "9.3"]
[White "Potapova, Margarita"]
[Black "Guseva, Marina"]
[Result "1-0"]
[BlackElo "2292"]
[WhiteElo "2099"]
[LiveChessVersion "1.4.8"]

1. d4 {[%clk 0:03:03]} d5 {[%clk 0:03:03]} 2. c4 {[%clk 0:03:05]} e6
{[%clk 0:02:56]} 3. Nc3 {[%clk 0:03:05]} Nf6 {[%clk 0:02:57]} 4. cxd5
{[%clk 0:03:06]} exd5 {[%clk 0:02:57]} 5. Bg5 {[%clk 0:03:07]} c6
{[%clk 0:02:58]} 6. e3 {[%clk 0:03:08]} Be7 {[%clk 0:02:58]} 7. Bd3
{[%clk 0:03:06]} Nbd7 {[%clk 0:02:41]} 8. Qc2 {[%clk 0:03:06]} Nf8
{[%clk 0:02:42]} 9. Nf3 {[%clk 0:02:55]} Ne6 {[%clk 0:02:40]} 10. Bh4
{[%clk 0:02:53]} g6 {[%clk 0:02:41]} 11. O-O {[%clk 0:02:48]} Ng7
{[%clk 0:02:42]} 12. Ne5 {[%clk 0:02:44]} Bf5 {[%clk 0:02:42]} 13. Bxf6
{[%clk 0:02:23]} Bxf6 {[%clk 0:02:42]} 14. f4 {[%clk 0:02:23]} O-O
{[%clk 0:02:39]} 15. b4 {[%clk 0:02:20]} a6 {[%clk 0:02:39]} 16. Rac1
{[%clk 0:02:09]} Bxd3 {[%clk 0:02:38]} 17. Qxd3 {[%clk 0:02:10]} Nf5
{[%clk 0:02:38]} 18. Na4 {[%clk 0:02:00]} Nd6 {[%clk 0:02:35]} 19. Nc5
{[%clk 0:01:59]} Qe7 {[%clk 0:02:27]} 20. a4 {[%clk 0:01:48]} Bg7
{[%clk 0:02:25]} 21. Rfe1 {[%clk 0:01:29]} f6 {[%clk 0:02:18]} 22. Nf3
{[%clk 0:01:30]} Rfe8 {[%clk 0:02:19]} 23. Nd2 {[%clk 0:01:15]} Bf8
{[%clk 0:01:58]} 24. e4 {[%clk 0:01:15]} dxe4 {[%clk 0:01:56]} 25. Ndxe4
{[%clk 0:01:12]} Nxe4 {[%clk 0:01:52]} 26. Rxe4 {[%clk 0:01:10]} Qf7
{[%clk 0:01:50]} 27. Rce1 {[%clk 0:01:07]} Rxe4 {[%clk 0:01:43]} 28. Qxe4
{[%clk 0:01:07]} f5 {[%clk 0:01:37]} 29. Qe6 {[%clk 0:00:55]} Qxe6
{[%clk 0:01:33]} 30. Rxe6 {[%clk 0:00:56]} Kf7 {[%clk 0:01:32]} 31. Re2
{[%clk 0:00:46]} Rd8 {[%clk 0:01:31]} 32. Ne6 {[%clk 0:00:36]} Rd7
{[%clk 0:01:27]} 33. Ng5+ {[%clk 0:00:34]} Kf6 {[%clk 0:01:23]} 34. b5
{[%clk 0:00:11]} cxb5 35. axb5 axb5 {[%clk 0:00:51]} 36. Re6+ {[%clk 0:00:14]}
Kg7 {[%clk 0:00:51]} 37. Rb6 {[%clk 0:00:16]} Bd6 {[%clk 0:00:36]} 38. Rxb5
{[%clk 0:00:13]} h6 {[%clk 0:00:36]} 39. Ne6+ {[%clk 0:00:14]} Kf6
{[%clk 0:00:38]} 40. d5 {[%clk 0:00:15]} g5 {[%clk 0:00:27]} 41. g3
{[%clk 0:00:17]} gxf4 {[%clk 0:00:28]} 42. gxf4 {[%clk 0:00:18]} Be7
{[%clk 0:00:13]} 43. Kf1 {[%clk 0:00:14]} Rd6 {[%clk 0:00:12]} 44. Ke2
{[%clk 0:00:12]} b6 {[%clk 0:00:12]} 45. Kf3 {[%clk 0:00:13]} Rd7
{[%clk 0:00:11]} 46. Rxb6 {[%clk 0:00:11]} Rxd5 {[%clk 0:00:11]} 47. Nc7+
{[%clk 0:00:12]} Rd6 {[%clk 0:00:12]} 48. Ne8+ {[%clk 0:00:13]} Ke6
{[%clk 0:00:13]} 49. Nxd6 {[%clk 0:00:14]} Bxd6 {[%clk 0:00:14]} 50. Rb7
{[%clk 0:00:14]} Kf6 {[%clk 0:00:11]} 51. Rb6 {[%clk 0:00:15]} Ke7
{[%clk 0:00:10]} 52. Rb7+ {[%clk 0:00:16]} Kf6 {[%clk 0:00:10]} 53. Rb6
{[%clk 0:00:18]} Ke7 {[%clk 0:00:11]} 54. Ra6 {[%clk 0:00:16]} h5
{[%clk 0:00:09]} 55. Ra7+ {[%clk 0:00:12]} Kf6 {[%clk 0:00:08]} 56. Ra6
{[%clk 0:00:13]} Ke7 {[%clk 0:00:09]} 57. Ra5 {[%clk 0:00:13]} Ke6
{[%clk 0:00:08]} 58. Ra6 {[%clk 0:00:15]} Ke7 {[%clk 0:00:09]} 59. Ra4
{[%clk 0:00:13]} Bb8 {[%clk 0:00:09]} 60. Kg3 {[%clk 0:00:12]} Kf6
{[%clk 0:00:10]} 61. Kh4 {[%clk 0:00:12]} Kg6 {[%clk 0:00:11]} 62. Ra6+
{[%clk 0:00:13]} Kg7 {[%clk 0:00:10]} 63. Kg5 {[%clk 0:00:15]} Kf7
{[%clk 0:00:09]} 64. Kxf5 {[%clk 0:00:16]} 1-0

[Event "Team Championship Russia (Blitz, Women)"]
[Site "Sochi"]
[Date "2018.10.10"]
[Round "9.5"]
[White "Schepetkova, Margarita"]
[Black "Bivol, Alina"]
[Result "0-1"]
[BlackElo "2217"]
[WhiteElo "2100"]
[LiveChessVersion "1.4.8"]

1. d4 {[%clk 0:03:03]} Nf6 {[%clk 0:03:04]} 2. Nf3 {[%clk 0:03:04]} g6
{[%clk 0:03:05]} 3. Bg5 {[%clk 0:03:05]} Bg7 {[%clk 0:03:05]} 4. e3
{[%clk 0:03:06]} c5 {[%clk 0:03:04]} 5. c3 {[%clk 0:03:08]} cxd4 {[%clk 0:03:01]}
6. cxd4 {[%clk 0:03:05]} d6 {[%clk 0:03:00]} 7. Nc3 {[%clk 0:03:06]} O-O
{[%clk 0:03:01]} 8. Bd3 {[%clk 0:03:04]} Nc6 {[%clk 0:02:55]} 9. O-O
{[%clk 0:02:52]} Qa5 {[%clk 0:02:56]} 10. Qe2 {[%clk 0:02:36]} Bg4
{[%clk 0:02:56]} 11. h3 {[%clk 0:02:34]} Bxf3 {[%clk 0:02:57]} 12. Qxf3
{[%clk 0:02:35]} Qxg5 {[%clk 0:02:57]} 0-1

[Event "Team Championship Russia (Blitz, Women)"]
[Site "Sochi"]
[Date "2018.10.10"]
[Round "9.6"]
[White "Vasilevich, Irina"]
[Black "Sakorenko, Adriana"]
[Result "1-0"]
[BlackElo "1843"]
[WhiteElo "2160"]
[LiveChessVersion "1.4.8"]

1. b3 {[%clk 0:03:02]} Nf6 {[%clk 0:03:01]} 2. Bb2 {[%clk 0:03:03]} e6
{[%clk 0:03:02]} 3. e3 {[%clk 0:03:04]} d5 {[%clk 0:03:03]} 4. Be2
{[%clk 0:03:05]} c5 {[%clk 0:03:03]} 5. d3 {[%clk 0:03:06]} Nc6 {[%clk 0:03:04]}
6. Nd2 {[%clk 0:03:06]} b6 {[%clk 0:03:05]} 7. a3 {[%clk 0:03:06]} Bb7
{[%clk 0:03:06]} 8. Ngf3 {[%clk 0:03:06]} Be7 {[%clk 0:03:06]} 9. O-O
{[%clk 0:03:05]} O-O {[%clk 0:03:06]} 10. c4 {[%clk 0:03:05]} dxc4
{[%clk 0:02:57]} 11. bxc4 {[%clk 0:02:55]} Rc8 {[%clk 0:02:54]} 12. Qc2
{[%clk 0:02:50]} Qd7 {[%clk 0:02:44]} 13. Rfd1 {[%clk 0:02:50]} Rfd8
{[%clk 0:02:45]} 14. Rab1 {[%clk 0:02:41]} Qe8 {[%clk 0:02:20]} 15. Bc3
{[%clk 0:02:35]} Nd7 {[%clk 0:02:05]} 16. Ne4 {[%clk 0:02:25]} h6
{[%clk 0:01:44]} 17. Qb2 {[%clk 0:02:20]} f5 {[%clk 0:01:36]} 18. Ng3
{[%clk 0:02:08]} Bf6 {[%clk 0:01:37]} 19. d4 {[%clk 0:01:57]} cxd4
{[%clk 0:01:30]} 20. exd4 {[%clk 0:01:58]} Ba8 {[%clk 0:01:06]} 21. Bf1
{[%clk 0:01:05]} Nf8 {[%clk 0:00:55]} 22. Re1 {[%clk 0:00:57]} Qg6
{[%clk 0:00:38]} 23. Rbd1 {[%clk 0:00:52]} Ne7 {[%clk 0:00:27]} 24. Ne5
{[%clk 0:00:33]} Bxe5 {[%clk 0:00:23]} 25. Rxe5 {[%clk 0:00:34]} f4
{[%clk 0:00:11]} 26. Ne2 {[%clk 0:00:35]} f3 {[%clk 0:00:10]} 27. Nf4
{[%clk 0:00:33]} Qg4 {[%clk 0:00:09]} 28. g3 {[%clk 0:00:27]} Neg6
{[%clk 0:00:06]} 29. h3 {[%clk 0:00:25]} 1-0

[Event "Team Championship Russia (Blitz, Women)"]
[Site "Sochi"]
[Date "2018.10.10"]
[Round "9.7"]
[White "Zhurova, Anna"]
[Black "Maltsevskaya, Aleksandra"]
[Result "1/2-1/2"]
[BlackElo "2269"]
[WhiteElo "1714"]
[LiveChessVersion "1.4.8"]

1. e4 {[%clk 0:03:03]} c5 {[%clk 0:03:03]} 2. Nc3 {[%clk 0:03:04]} Nc6
{[%clk 0:03:04]} 3. g3 {[%clk 0:03:05]} g6 {[%clk 0:03:04]} 4. Bg2
{[%clk 0:03:07]} Bg7 {[%clk 0:03:05]} 5. d3 {[%clk 0:03:08]} e5 {[%clk 0:03:06]}
6. Be3 d6 7. Nh3 {[%clk 0:03:09]} Nge7 {[%clk 0:03:08]} 8. O-O {[%clk 0:03:08]}
O-O {[%clk 0:02:39]} 9. f4 {[%clk 0:03:08]} exf4 {[%clk 0:02:40]} 10. Nxf4
{[%clk 0:03:08]} Nd4 {[%clk 0:02:38]} 11. Nfd5 {[%clk 0:02:57]} Nxd5
{[%clk 0:02:20]} 12. Nxd5 {[%clk 0:02:57]} Nc6 {[%clk 0:02:02]} 13. c3
{[%clk 0:02:57]} h6 {[%clk 0:01:42]} 14. Qd2 {[%clk 0:02:56]} Kh7
{[%clk 0:01:43]} 15. Rf2 {[%clk 0:02:54]} Ne5 {[%clk 0:01:42]} 16. h3
{[%clk 0:02:53]} Be6 {[%clk 0:01:37]} 17. Nf4 {[%clk 0:02:53]} Bd7
{[%clk 0:01:37]} 18. Raf1 {[%clk 0:02:52]} Bc6 {[%clk 0:01:26]} 19. b3
{[%clk 0:02:35]} Nd7 {[%clk 0:01:13]} 20. d4 {[%clk 0:02:25]} cxd4
{[%clk 0:01:07]} 21. cxd4 {[%clk 0:02:26]} Nf6 {[%clk 0:01:01]} 22. d5
{[%clk 0:01:58]} Bb5 {[%clk 0:01:00]} 23. Nd3 {[%clk 0:01:54]} Qe7
{[%clk 0:00:51]} 24. a4 {[%clk 0:01:51]} Bxd3 {[%clk 0:00:37]} 25. Qxd3
{[%clk 0:01:52]} Rae8 {[%clk 0:00:36]} 26. e5 {[%clk 0:01:21]} dxe5
{[%clk 0:00:27]} 27. d6 {[%clk 0:01:23]} Qe6 {[%clk 0:00:26]} 28. Bxa7
{[%clk 0:01:19]} e4 {[%clk 0:00:24]} 29. Qc4 {[%clk 0:00:59]} Nd7
{[%clk 0:00:20]} 30. Re2 {[%clk 0:00:34]} f5 {[%clk 0:00:17]} 31. Qb4
{[%clk 0:00:14]} b6 {[%clk 0:00:11]} 32. Bxb6 {[%clk 0:00:14]} Nxb6
{[%clk 0:00:10]} 33. Qxb6 {[%clk 0:00:15]} Rb8 {[%clk 0:00:10]} 34. Qc7
{[%clk 0:00:16]} Rxb3 {[%clk 0:00:08]} 35. d7 {[%clk 0:00:17]} Rd3
{[%clk 0:00:09]} 36. Bxe4 {[%clk 0:00:08]} Rxd7 {[%clk 0:00:06]} 37. Bxf5
{[%clk 0:00:07]} Qxf5 {[%clk 0:00:05]} 38. Rxf5 {[%clk 0:00:08]} Rxc7
{[%clk 0:00:06]} 39. Rxf8 {[%clk 0:00:08]} Bxf8 {[%clk 0:00:08]} 40. a5
{[%clk 0:00:10]} Ra7 {[%clk 0:00:08]} 41. Ra2 {[%clk 0:00:10]} Bb4
{[%clk 0:00:08]} 42. a6 {[%clk 0:00:11]} Bc5+ {[%clk 0:00:05]} 43. Kg2
{[%clk 0:00:12]} Kg7 {[%clk 0:00:06]} 44. Kf3 {[%clk 0:00:13]} Kf6
{[%clk 0:00:07]} 45. Ra5 {[%clk 0:00:14]} Bd6 {[%clk 0:00:08]} 46. g4
{[%clk 0:00:14]} g5 {[%clk 0:00:07]} 47. Ke3 {[%clk 0:00:13]} Ke6
{[%clk 0:00:07]} 48. Ke4 {[%clk 0:00:14]} Bc7 {[%clk 0:00:05]} 49. Ra4
{[%clk 0:00:14]} Bf4 {[%clk 0:00:04]} 50. Ra5 {[%clk 0:00:15]} Kd6
{[%clk 0:00:05]} 51. Kf5 {[%clk 0:00:16]} Kc6 {[%clk 0:00:05]} 52. Kg6
{[%clk 0:00:16]} Kb6 {[%clk 0:00:06]} 53. Rf5 {[%clk 0:00:15]} Rxa6
{[%clk 0:00:07]} 54. Kxh6 {[%clk 0:00:16]} Kb5+ {[%clk 0:00:08]} 55. Kh5+
{[%clk 0:00:16]} Kc4 56. h4 {[%clk 0:00:15]} Ra8 {[%clk 0:00:07]} 57. hxg5
{[%clk 0:00:15]} Rh8+ {[%clk 0:00:08]} 58. Kg6 {[%clk 0:00:16]} Rg8+
{[%clk 0:00:10]} 59. Kh6 {[%clk 0:00:17]} Bd2 {[%clk 0:00:10]} 60. Kh5
{[%clk 0:00:17]} Kd4 {[%clk 0:00:10]} 61. Rb5 {[%clk 0:00:16]} Kc4
{[%clk 0:00:09]} 62. Rf5 {[%clk 0:00:16]} Be3 {[%clk 0:00:09]} 63. Kh6
{[%clk 0:00:17]} Kd4 {[%clk 0:00:10]} 64. Kh7 {[%clk 0:00:18]} Rxg5
{[%clk 0:00:06]} 65. Rxg5 {[%clk 0:00:20]} Bxg5 {[%clk 0:00:07]} 66. Kg6 1/2-1/2

[Event "Team Championship Russia (Blitz, Women)"]
[Site "Sochi"]
[Date "2018.10.10"]
[Round "9.8"]
[White "Drozdova, Dina"]
[Black "Shestakova, Ekaterina"]
[Result "1-0"]
[BlackElo "1700"]
[WhiteElo "2164"]
[LiveChessVersion "1.4.8"]

1. d4 {[%clk 0:03:02]} d5 {[%clk 0:03:03]} 2. c4 {[%clk 0:03:03]} c6
{[%clk 0:03:04]} 3. cxd5 {[%clk 0:03:04]} cxd5 {[%clk 0:03:05]} 4. Nc3
{[%clk 0:03:04]} Nc6 {[%clk 0:03:04]} 5. Nf3 {[%clk 0:03:05]} Bg4
{[%clk 0:03:04]} 6. e3 {[%clk 0:02:28]} e6 {[%clk 0:02:57]} 7. Be2
{[%clk 0:02:26]} Bxf3 {[%clk 0:02:54]} 8. Bxf3 {[%clk 0:02:27]} Bd6
{[%clk 0:02:53]} 9. g3 {[%clk 0:02:23]} Nf6 {[%clk 0:02:42]} 10. Bd2
{[%clk 0:02:21]} O-O {[%clk 0:02:40]} 11. O-O {[%clk 0:02:22]} a6
{[%clk 0:02:35]} 12. Rc1 {[%clk 0:02:19]} b5 {[%clk 0:02:32]} 13. Nxd5
{[%clk 0:02:00]} exd5 {[%clk 0:02:13]} 14. Rxc6 {[%clk 0:02:00]} Qd7
{[%clk 0:02:11]} 15. Qc2 {[%clk 0:01:48]} h5 {[%clk 0:01:58]} 16. h4
{[%clk 0:01:32]} Rfe8 {[%clk 0:01:08]} 17. Rc1 {[%clk 0:01:31]} Qe7
{[%clk 0:00:42]} 18. Kg2 {[%clk 0:01:20]} Qd7 {[%clk 0:00:38]} 19. a4
{[%clk 0:01:14]} b4 {[%clk 0:00:36]} 20. Qd3 {[%clk 0:01:00]} a5 {[%clk 0:00:34]}
21. b3 {[%clk 0:00:58]} Rec8 {[%clk 0:00:27]} 22. Rxc8+ {[%clk 0:00:54]} Rxc8
{[%clk 0:00:27]} 23. Rxc8+ {[%clk 0:00:34]} Qxc8 {[%clk 0:00:29]} 24. Qb1
{[%clk 0:00:33]} Qc7 {[%clk 0:00:24]} 25. Qc1 {[%clk 0:00:32]} Qxc1
{[%clk 0:00:23]} 26. Bxc1 {[%clk 0:00:34]} Kf8 {[%clk 0:00:22]} 27. Kf1
{[%clk 0:00:33]} Ke7 {[%clk 0:00:22]} 28. Ke2 {[%clk 0:00:34]} g6
{[%clk 0:00:22]} 29. Kd3 {[%clk 0:00:33]} Nd7 {[%clk 0:00:21]} 30. Bxd5
{[%clk 0:00:31]} Nb6 {[%clk 0:00:19]} 31. Bc4 {[%clk 0:00:31]} f6
{[%clk 0:00:16]} 32. e4 {[%clk 0:00:31]} g5 {[%clk 0:00:15]} 33. hxg5
{[%clk 0:00:31]} fxg5 {[%clk 0:00:16]} 34. Bxg5+ {[%clk 0:00:32]} 1-0

[Event "Team Championship Russia (Blitz, Women)"]
[Site "Sochi"]
[Date "2018.10.10"]
[Round "9.9"]
[White "Kirchei, Viktoriia"]
[Black "Voit, Daria"]
[Result "0-1"]
[BlackElo "2415"]
[WhiteElo "1992"]
[LiveChessVersion "1.4.8"]

1. e4 {[%clk 0:03:02]} c5 {[%clk 0:03:04]} 2. d3 {[%clk 0:03:03]} g6
{[%clk 0:03:04]} 3. g3 {[%clk 0:03:05]} Bg7 {[%clk 0:03:05]} 4. Bg2
{[%clk 0:03:06]} Nc6 {[%clk 0:03:06]} 5. f4 {[%clk 0:03:07]} e6 {[%clk 0:03:07]}
6. Nf3 {[%clk 0:03:07]} Nge7 {[%clk 0:03:08]} 7. O-O {[%clk 0:03:07]} O-O
{[%clk 0:03:08]} 8. c3 {[%clk 0:03:08]} d5 {[%clk 0:03:08]} 9. e5
{[%clk 0:03:06]} b5 {[%clk 0:03:07]} 10. Be3 {[%clk 0:03:06]} c4 {[%clk 0:03:05]}
11. d4 {[%clk 0:03:07]} b4 {[%clk 0:03:01]} 12. Bf2 {[%clk 0:02:57]} Rb8
{[%clk 0:03:00]} 13. g4 {[%clk 0:02:56]} bxc3 {[%clk 0:02:58]} 14. bxc3
{[%clk 0:02:56]} Rb2 {[%clk 0:02:58]} 15. Bh4 {[%clk 0:02:46]} Qa5
{[%clk 0:02:54]} 16. a3 {[%clk 0:02:37]} Bd7 {[%clk 0:02:55]} 17. Bf6
{[%clk 0:02:34]} Rfb8 {[%clk 0:02:53]} 18. Qe1 {[%clk 0:02:27]} Kf8
{[%clk 0:02:49]} 19. Qh4 {[%clk 0:02:09]} h6 {[%clk 0:02:49]} 20. Bxg7+
{[%clk 0:01:27]} Kxg7 {[%clk 0:02:50]} 21. Qf6+ {[%clk 0:01:28]} Kf8
{[%clk 0:02:44]} 22. Nh4 {[%clk 0:00:47]} Qa4 {[%clk 0:01:41]} 23. f5
{[%clk 0:00:44]} exf5 {[%clk 0:00:33]} 24. gxf5 {[%clk 0:00:42]} Bxf5
{[%clk 0:00:27]} 25. Nxf5 {[%clk 0:00:40]} Nxf5 {[%clk 0:00:27]} 26. Bxd5
{[%clk 0:00:39]} Nd8 {[%clk 0:00:19]} 27. Nd2 {[%clk 0:00:16]} Qc2
{[%clk 0:00:12]} 28. Rxf5 {[%clk 0:00:15]} Qxf5 {[%clk 0:00:12]} 29. Qd6+
{[%clk 0:00:14]} Kg7 {[%clk 0:00:11]} 30. Qf6+ {[%clk 0:00:12]} Qxf6
{[%clk 0:00:12]} 31. exf6+ {[%clk 0:00:13]} Kxf6 {[%clk 0:00:13]} 32. Nxc4
{[%clk 0:00:14]} Rc2 {[%clk 0:00:13]} 33. Rf1+ {[%clk 0:00:15]} Kg7
{[%clk 0:00:14]} 34. Nd6 {[%clk 0:00:15]} f5 {[%clk 0:00:13]} 35. Ne8+ Kf8
{[%clk 0:00:13]} 36. Nf6 {[%clk 0:00:15]} Rbb2 {[%clk 0:00:14]} 37. Nd7+
{[%clk 0:00:14]} Ke7 {[%clk 0:00:15]} 38. Ne5 {[%clk 0:00:15]} Kf6
{[%clk 0:00:15]} 39. Nd7+ {[%clk 0:00:16]} Kg5 {[%clk 0:00:16]} 40. Ne5
{[%clk 0:00:15]} Rxc3 {[%clk 0:00:16]} 41. h4+ {[%clk 0:00:13]} Kxh4
{[%clk 0:00:17]} 42. Nxg6+ {[%clk 0:00:14]} Kg5 {[%clk 0:00:18]} 43. Ne7
{[%clk 0:00:15]} f4 {[%clk 0:00:18]} 44. Be4 {[%clk 0:00:12]} Ne6
{[%clk 0:00:18]} 45. Nd5 {[%clk 0:00:13]} Rg3+ {[%clk 0:00:19]} 46. Kh1
{[%clk 0:00:14]} Rd2 {[%clk 0:00:16]} 47. Bf3 {[%clk 0:00:09]} Rxd4
{[%clk 0:00:16]} 48. Nc3 {[%clk 0:00:11]} Nc5 {[%clk 0:00:15]} 49. a4
{[%clk 0:00:11]} Rd3 {[%clk 0:00:16]} 50. Ne4+ {[%clk 0:00:10]} Nxe4
{[%clk 0:00:16]} 51. Bxe4 {[%clk 0:00:11]} Rd4 {[%clk 0:00:16]} 52. Bg2
{[%clk 0:00:11]} Rxa4 {[%clk 0:00:16]} 53. Rc1 {[%clk 0:00:11]} f3
{[%clk 0:00:15]} 54. Rc5+ {[%clk 0:00:09]} Kf4 {[%clk 0:00:16]} 55. Kh2
{[%clk 0:00:04]} Rxg2+ {[%clk 0:00:17]} 56. Kh3 {[%clk 0:00:05]} Ra1
{[%clk 0:00:15]} 57. Rc4+ {[%clk 0:00:05]} Ke5 {[%clk 0:00:14]} 58. Rc5+
{[%clk 0:00:06]} Kd6 {[%clk 0:00:15]} 59. Rc3 {[%clk 0:00:00]} 0-1

[Event "Team Championship Russia (Blitz, Women)"]
[Site "Sochi"]
[Date "2018.10.10"]
[Round "9.10"]
[White "Dordzhieva, Dinara"]
[Black "Bondareva, Daria"]
[Result "0-1"]
[BlackElo "1774"]
[WhiteElo "2225"]
[LiveChessVersion "1.4.8"]

1. Nf3 {[%clk 0:03:03]} Nf6 {[%clk 0:03:03]} 2. d4 {[%clk 0:03:04]} e6
{[%clk 0:03:04]} 3. g3 {[%clk 0:03:05]} b6 {[%clk 0:02:57]} 4. Bg2
{[%clk 0:03:06]} Bb7 {[%clk 0:02:58]} 5. c4 {[%clk 0:03:07]} Bb4+
{[%clk 0:02:57]} 6. Nbd2 {[%clk 0:03:08]} O-O {[%clk 0:02:38]} 7. a3
{[%clk 0:03:08]} Bxd2+ {[%clk 0:02:33]} 8. Qxd2 {[%clk 0:03:09]} Ne4
{[%clk 0:02:26]} 9. Qc2 {[%clk 0:03:10]} d5 {[%clk 0:02:27]} 10. O-O
{[%clk 0:03:09]} Nd7 {[%clk 0:02:19]} 11. Bf4 {[%clk 0:03:11]} c5
{[%clk 0:02:12]} 12. dxc5 {[%clk 0:02:46]} bxc5 {[%clk 0:01:45]} 13. cxd5
{[%clk 0:02:47]} exd5 {[%clk 0:01:45]} 14. Rac1 {[%clk 0:02:44]} Qe7
{[%clk 0:01:34]} 15. Rfd1 {[%clk 0:02:42]} Rac8 {[%clk 0:01:20]} 16. Nd2
{[%clk 0:02:43]} Nxd2 17. Qxd2 {[%clk 0:02:37]} Nb6 {[%clk 0:01:22]} 18. Qc2
{[%clk 0:02:26]} a5 {[%clk 0:00:59]} 19. Qb3 {[%clk 0:01:59]} Qe6
{[%clk 0:01:01]} 20. Qb5 {[%clk 0:01:50]} Ba8 {[%clk 0:00:15]} 21. Rxc5
{[%clk 0:01:45]} Rxc5 {[%clk 0:00:16]} 22. Qxc5 {[%clk 0:01:46]} Nc4
{[%clk 0:00:12]} 23. b3 {[%clk 0:01:06]} Qxe2 {[%clk 0:00:12]} 24. Qd4
{[%clk 0:01:07]} Nb2 {[%clk 0:00:08]} 25. Rf1 {[%clk 0:00:26]} Nd3 26. Be3 Rc8
{[%clk 0:00:07]} 27. h3 {[%clk 0:00:29]} Qc2 {[%clk 0:00:07]} 28. b4
{[%clk 0:00:30]} axb4 {[%clk 0:00:08]} 29. axb4 {[%clk 0:00:31]} Qc4
{[%clk 0:00:09]} 30. Rb1 {[%clk 0:00:14]} Qxd4 31. Bxd4 Rc4 {[%clk 0:00:08]} 32.
Ra1 {[%clk 0:00:06]} Bb7 {[%clk 0:00:06]} 33. Ra7 {[%clk 0:00:07]} Rxb4
{[%clk 0:00:06]} 34. Bc3 {[%clk 0:00:07]} Rb1+ {[%clk 0:00:07]} 35. Bf1
{[%clk 0:00:06]} h6 {[%clk 0:00:08]} 36. Bd2 {[%clk 0:00:04]} Nc5
{[%clk 0:00:08]} 37. Be3 {[%clk 0:00:05]} Ne4 {[%clk 0:00:09]} 38. Bd4
{[%clk 0:00:05]} Bc6 {[%clk 0:00:09]} 39. Ra2 {[%clk 0:00:04]} Bb5
{[%clk 0:00:11]} 40. Ra8+ {[%clk 0:00:03]} Kh7 {[%clk 0:00:12]} 41. Kh2
{[%clk 0:00:04]} Rxf1 {[%clk 0:00:13]} 42. Rb8 {[%clk 0:00:06]} Be2
{[%clk 0:00:14]} 43. Rb7 {[%clk 0:00:06]} Bf3 {[%clk 0:00:11]} 0-1

[Event "Team Championship Russia (Blitz, Women)"]
[Site "Sochi"]
[Date "2018.10.10"]
[Round "9.11"]
[White "Vyrtosu, Natalia"]
[Black "Shuvalova, Polina"]
[Result "0-1"]
[BlackElo "2246"]
[WhiteElo "1822"]
[LiveChessVersion "1.4.8"]

1. d4 {[%clk 0:03:03]} Nf6 {[%clk 0:03:03]} 2. Bf4 {[%clk 0:03:04]} e6
{[%clk 0:03:03]} 3. Nf3 {[%clk 0:03:03]} c5 {[%clk 0:03:03]} 4. e3
{[%clk 0:03:04]} cxd4 {[%clk 0:03:03]} 5. exd4 {[%clk 0:03:04]} b6
{[%clk 0:03:03]} 6. c3 {[%clk 0:02:58]} Bb7 {[%clk 0:03:04]} 7. Nbd2
{[%clk 0:02:59]} Be7 {[%clk 0:03:04]} 8. Bd3 {[%clk 0:02:59]} O-O
{[%clk 0:03:03]} 9. O-O {[%clk 0:02:59]} d6 {[%clk 0:03:04]} 10. h3
{[%clk 0:03:00]} Nbd7 {[%clk 0:03:02]} 11. Bg3 {[%clk 0:02:55]} Re8
{[%clk 0:03:01]} 12. Bc2 {[%clk 0:02:49]} Qc7 {[%clk 0:02:59]} 13. Re1
{[%clk 0:02:49]} Bf8 {[%clk 0:02:57]} 14. Ne4 {[%clk 0:02:45]} Nxe4
{[%clk 0:02:55]} 15. Bxe4 {[%clk 0:02:46]} Bxe4 {[%clk 0:02:55]} 16. Rxe4
{[%clk 0:02:46]} Qc6 {[%clk 0:02:54]} 17. Qe1 {[%clk 0:02:41]} d5
{[%clk 0:02:53]} 18. Re2 {[%clk 0:02:42]} b5 {[%clk 0:02:51]} 19. a3 a5
{[%clk 0:02:51]} 20. Ne5 {[%clk 0:02:36]} Nxe5 {[%clk 0:02:50]} 21. Bxe5
{[%clk 0:02:25]} Rec8 {[%clk 0:02:50]} 22. Qd2 {[%clk 0:02:03]} h6
{[%clk 0:02:49]} 23. Re3 {[%clk 0:01:49]} b4 {[%clk 0:02:47]} 24. axb4
{[%clk 0:01:49]} axb4 {[%clk 0:02:48]} 25. Rxa8 {[%clk 0:01:50]} Qxa8
{[%clk 0:02:45]} 26. cxb4 {[%clk 0:01:44]} Qa1+ {[%clk 0:02:22]} 27. Re1
{[%clk 0:01:18]} Qa4 {[%clk 0:02:18]} 28. Rc1 {[%clk 0:01:14]} Qxb4
{[%clk 0:02:04]} 29. Rc3 {[%clk 0:00:42]} Rc4 {[%clk 0:02:04]} 30. Qc2
{[%clk 0:00:30]} Qb5 {[%clk 0:01:42]} 31. Rxc4 {[%clk 0:00:29]} dxc4
{[%clk 0:01:42]} 32. Bf4 {[%clk 0:00:25]} Qd5 {[%clk 0:01:37]} 33. Be3
{[%clk 0:00:24]} Bd6 {[%clk 0:01:37]} 34. Qc3 {[%clk 0:00:15]} h5
{[%clk 0:01:32]} 35. Qc2 {[%clk 0:00:09]} Be7 {[%clk 0:01:30]} 36. Qc3
{[%clk 0:00:11]} Bf6 {[%clk 0:01:30]} 37. Qd2 {[%clk 0:00:08]} h4
{[%clk 0:01:29]} 38. Kh1 {[%clk 0:00:08]} Qe4 {[%clk 0:01:25]} 39. Qc3
{[%clk 0:00:05]} Qd5 {[%clk 0:01:24]} 40. Qd2 {[%clk 0:00:06]} Be7
{[%clk 0:01:25]} 41. Qc3 {[%clk 0:00:07]} Bd6 {[%clk 0:01:25]} 42. Qd2
{[%clk 0:00:07]} Qe4 {[%clk 0:01:26]} 43. Qc1 {[%clk 0:00:07]} Qd3
{[%clk 0:01:26]} 44. Qd2 {[%clk 0:00:08]} Qf1# {[%clk 0:01:26]} 0-1

[Event "Team Championship Russia (Blitz, Women)"]
[Site "Sochi"]
[Date "2018.10.10"]
[Round "9.12"]
[White "Kovalevskaya, Ekaterina"]
[Black "Girshgorn, Maria"]
[Result "1-0"]
[BlackElo "1900"]
[WhiteElo "2284"]
[LiveChessVersion "1.4.8"]

1. Nf3 {[%clk 0:03:02]} Nf6 {[%clk 0:03:04]} 2. g3 {[%clk 0:03:03]} g6
{[%clk 0:03:05]} 3. Bg2 {[%clk 0:03:05]} Bg7 {[%clk 0:03:06]} 4. O-O
{[%clk 0:03:05]} O-O {[%clk 0:03:07]} 5. d4 {[%clk 0:03:06]} d6 {[%clk 0:03:08]}
6. Re1 {[%clk 0:03:05]} Nbd7 {[%clk 0:03:09]} 7. e4 {[%clk 0:03:06]} e5
{[%clk 0:03:10]} 8. Nc3 {[%clk 0:03:06]} exd4 {[%clk 0:03:04]} 9. Nxd4
{[%clk 0:03:06]} Ne5 {[%clk 0:03:05]} 10. h3 {[%clk 0:02:50]} c6 {[%clk 0:03:05]}
11. f4 {[%clk 0:02:27]} Nc4 {[%clk 0:03:03]} 12. b3 {[%clk 0:02:23]} Na5
{[%clk 0:03:01]} 13. Be3 {[%clk 0:02:14]} c5 {[%clk 0:02:57]} 14. Ndb5
{[%clk 0:01:06]} Ne8 {[%clk 0:02:35]} 15. e5 {[%clk 0:00:39]} a6 {[%clk 0:02:28]}
16. Na3 {[%clk 0:00:39]} Bd7 {[%clk 0:02:14]} 17. Ne4 {[%clk 0:00:27]} Qb6
{[%clk 0:01:23]} 18. Nc4 {[%clk 0:00:24]} Nxc4 {[%clk 0:01:24]} 19. bxc4
{[%clk 0:00:25]} Bf5 {[%clk 0:01:13]} 20. Rb1 {[%clk 0:00:24]} Qd8
{[%clk 0:01:01]} 21. exd6 {[%clk 0:00:22]} Rb8 {[%clk 0:00:36]} 22. Bxc5
{[%clk 0:00:16]} Bxe4 {[%clk 0:00:20]} 23. Bxe4 {[%clk 0:00:17]} Nf6
{[%clk 0:00:21]} 24. Bg2 {[%clk 0:00:17]} Qd7 {[%clk 0:00:19]} 25. Ba7
{[%clk 0:00:17]} Rbd8 {[%clk 0:00:18]} 26. Rxb7 {[%clk 0:00:17]} Qa4
{[%clk 0:00:08]} 27. c5 {[%clk 0:00:15]} Nh5 {[%clk 0:00:06]} 28. c6
{[%clk 0:00:14]} Nxg3 {[%clk 0:00:04]} 29. c7 {[%clk 0:00:14]} Rd7
{[%clk 0:00:04]} 30. Rb8 {[%clk 0:00:14]} Qc4 {[%clk 0:00:04]} 31. Rxf8+
{[%clk 0:00:13]} Kxf8 {[%clk 0:00:05]} 32. Qd3 {[%clk 0:00:10]} Qxd3
{[%clk 0:00:00]} 33. c8=Q+ {[%clk 0:00:10]} 1-0